00615nam a2200157Ia 4500082001200000100002300012245013300035260003700168300000800205504004100213650002800254650005600282650004400338650005400382710002100436 aTS.0950 aSarma, Ujjal Kumar 0aCompeting for space-human, animal relationship in the fringe villages of Kaziranga national park: a study in conservation policy c2006bUniversity of Delhi, Delhi a388 aincludes appendices and bibliography aKaziarnga National Park aHuman-animal relationshipsvKaziarnga National Park aAnimal welfarevKaziarnga National Park aWildlife conservationvLaw and legislationvIndia aChanna, Subhadra